Visualizzazione normale
Vista MARC
- Neri, Umberto
di Personal Name
Records bibliografici associati: 1
001 - CONTROL NUMBER
- control field: 57736
003 - CONTROL NUMBER IDENTIFIER
- control field:
005 - DATE AND TIME OF LATEST TRANSACTION
- control field: 20190403094800.0
008 - FIXED-LENGTH DATA ELEMENTS
- fixed length control field: 190403|| aca||aabn | a|a d
040 ## - CATALOGING SOURCE
- Original cataloging agency:
- Transcribing agency:
100 ## - HEADING--PERSONAL NAME
- Personal name: Neri, Umberto
- Dates associated with a name: 1930-1997
- Relator term: autore
670 ## - SOURCE DATA FOUND
- Source citation: Work cat.: ()0: Neri, Umberto 1930-1997 autore, Il mistero di Cristo e l'unità della Chiesa suo corpo., 2006.